केरल और लक्षद्वीप की भाषाएँ (Record no. 209612)

MARC details
000 -LEADER
fixed length control field 00850nam a22001937a 4500
005 - DATE AND TIME OF LATEST TRANSACTION
control field 20250221121450.0
010 ## - LCCN (DPL NO)
LC control number HIN-129474
020 ## - INTERNATIONAL STANDARD BOOK NUMBER
Terms of availability 2725.00
International Standard Book Number 9789354429354
035 ## - SYSTEM CONTROL NUMBER
System control number HN-101820
037 ## - SOURCE OF ACQUISITION
Source of stock number/acquisition DBAD
082 ## - DEWEY DECIMAL CLASSIFICATION NUMBER
Edition number 01
Classification number 954.33
100 ## - MAIN ENTRY--PERSONAL NAME
Personal name गणेश एन देवी
245 ## - TITLE STATEMENT
Title केरल और लक्षद्वीप की भाषाएँ
Remainder of title भारतीय भाषा लोक सवेंक्षण
Statement of responsibility, etc गणेश एन देवी
250 ## - EDITION STATEMENT
Edition statement प्रथम
260 ## - PUBLICATION, DISTRIBUTION, ETC. (IMPRINT)
Place of publication, distribution, etc हैदराबाद
Name of publisher, distributor, etc ओरियंट ब्लॉकस्वान प्रा .लि .
270 ## - ADDRESS
Address 3-6-752 हिमायत नगर
City हैदराबाद
Postal code 500029
300 ## - PHYSICAL DESCRIPTION
Extent 300 पृ.
Dimensions 25 सेमी (अजिल्द )
942 ## - ADDED ENTRY ELEMENTS (KOHA)
Source of classification or shelving scheme Dewey Decimal Classification
Item type Hindi Books
Classification part 954.33
Call number prefix गणेश
Holdings
Withdrawn status Lost status Not for loan Collection code Home library Current library Date acquired Source of acquisition Cost, normal purchase price Full call number Barcode Cost, replacement price Koha item type
    Not For Loan Non-fiction D.B.Act.Division D.B.Act.Division 21/02/2025 DBAD 2725.00 954.33 HN-101820 2725.00 Hindi Books

© Delhi Public Library
Hit Counter
free hit counter